Quiz Rap FR #2 - Statistiques

Statistiques générales
  • Ce quiz a été pris 65 fois
  • Le résultat moyen est 4 sur 10
Statistiques - réponses
Questions Réponses % Correct
Avec quel streamer, Booba a fait un stream sur la plateforme Twitch ? Pfut
69%
Avec quel club de football, Dinor a signé un contrat pro de 2020 à 2022 ? Sassuolo
54%
Qui est le gagnant de l'émission Nouvelle Ecole saison 3 Youssef Swatt's
53%
Comment s'appelle le featuring entre Kaaris et Future ? Crystal
51%
A combien de millions d'écoutes est égal un single d'or ? 15
47%
Quel journaliste rap réalise des interviews portant comme nom "Le Code" ? Mehdi Maïzi
44%
Quel groupe a refusé un featuring avec Rihanna ? 113
29%
Dans quelle pays est né le rappeur La F Royaume-Uni
10%
Qui est le premier rappeur à avoir réalisé un Planète Rap ? Busta Flex
3%
De quel jeu vidéo le rappeur Zeu fait-il de nombreuses références ? Counter-Strike
2%
Aucun quiz correspondant
Distribution des résultats
% des personnes avec chaque résultat
Percentile par nombre de réponses
Votre historique - résultats
Vous n’avez pas pris ce quiz